00585 a2200181 4500003000400000005001700004008004100021020001800062040000900080082001000089100004200099245005100141260003700192300000900229942002600238952012200264999001700386OSt20240801150847.0231017b |||||||| |||| 00| 0 eng d a9782721422804 coclc a892.7 aAl ibin al hasian kura al naml910468 aAl-Munǧid fī al-luġaẗ wa al-aʻlām / aBeiruth:bDharul mushrif,c2014. a723p 2ddccBKh892.7k892.7 00102ddc40708LITaMESbMEScARBd2023-10-17l0o892.7p42943r2023-10-17 16:22:20v3500.00w2023-10-17yBKzGR4R4 c42702d42702